| 000 | 00654nam a2200217Ia 4500 | ||
|---|---|---|---|
| 003 | IN-BaIIA | ||
| 008 | 211028s9999 xx 000 0 eng d | ||
| 020 | _a0-444-86427-X | ||
| 040 | _cIIA Library | ||
| 080 |
_a533.9(035) _bBAS-I |
||
| 100 |
_aGaleev, A. A. _96011 |
||
| 245 | 0 |
_aBasic plasma physics I _cA. A. Galeev |
|
| 260 |
_aAmsterdam _bNorth-Holland _c1983 |
||
| 300 | _axix, 751p. | ||
| 490 | _aHandbook of plasma physics; v. 1 | ||
| 650 | _aAstronomy and astrophysics thesaurus | ||
| 650 |
_aIonized gases _91896 |
||
| 650 |
_aPlasma physics _93732 |
||
| 650 |
_aPlasmas _91898 |
||
| 942 | _cBK | ||
| 999 |
_c8091 _d8091 |
||